|
|
|
|
| LEADER |
01828nam a2200469 i 4500 |
| 001 |
EBC1964114 |
| 003 |
MiAaPQ |
| 005 |
20200520144314.0 |
| 006 |
m o d | |
| 007 |
cr cnu|||||||| |
| 008 |
150724t20152015nju o 001 0 eng d |
| 020 |
|
|
|z 9781119040040
|
| 020 |
|
|
|a 9781119040064
|q (electronic bk.)
|
| 020 |
|
|
|a 9781119040071
|q (electronic bk.)
|
| 035 |
|
|
|a (MiAaPQ)EBC1964114
|
| 035 |
|
|
|a (Au-PeEL)EBL1964114
|
| 035 |
|
|
|a (CaPaEBR)ebr11077285
|
| 035 |
|
|
|a (CaONFJC)MIL812259
|
| 035 |
|
|
|a (OCoLC)913784623
|
| 040 |
|
|
|a MiAaPQ
|b eng
|e rda
|e pn
|c MiAaPQ
|d MiAaPQ
|
| 050 |
|
4 |
|a HD2365
|b .B665 2015
|
| 082 |
0 |
|
|a 658.3/01
|2 23
|
| 100 |
1 |
|
|a Boudreau, John W.,
|e author.
|
| 245 |
1 |
0 |
|a Lead the work :
|b navigating a world beyond employment /
|c John Boudreau, Ravin Jesuthasan, David Creelman.
|
| 264 |
|
1 |
|a Hoboken, New Jersey :
|b Wiley,
|c 2015.
|
| 264 |
|
4 |
|c 2015
|
| 300 |
|
|
|a 1 online resource (304 pages)
|
| 336 |
|
|
|a text
|2 rdacontent
|
| 337 |
|
|
|a computer
|2 rdamedia
|
| 338 |
|
|
|a online resource
|2 rdacarrier
|
| 500 |
|
|
|a Includes index.
|
| 588 |
|
|
|a Description based on print version record.
|
| 590 |
|
|
|a Electronic reproduction. Ann Arbor, MI : ProQuest, 2016. Available via World Wide Web. Access may be limited to ProQuest affiliated libraries.
|
| 650 |
|
0 |
|a Contracting out.
|
| 650 |
|
0 |
|a Consultants.
|
| 650 |
|
0 |
|a Self-employed.
|
| 655 |
|
4 |
|a Electronic books.
|
| 700 |
1 |
|
|a Jesuthasan, Ravin,
|d 1968-
|e author.
|
| 700 |
1 |
|
|a Creelman, David,
|d 1957-
|e author.
|
| 776 |
0 |
8 |
|i Print version:
|a Boudreau, John W.
|t Lead the work : navigating a world beyond employment.
|d Hoboken, New Jersey : Wiley, c2015
|h xxi, 277 pages
|z 9781119040040
|w 2015018223
|
| 797 |
2 |
|
|a ProQuest (Firm)
|
| 856 |
4 |
0 |
|u https://ebookcentral.proquest.com/lib/matrademy/detail.action?docID=1964114
|z Click to View
|